000 01957nam a2200373 a 4500
001 00166
003 DO-SdBNP
005 20180316144650.0
007 00166
008 150130s 2001 dr 000 0 spa d
020 _a8482613405
040 _aBPMSU
_bspa
_cBPMSU
082 4 _a373.7
_bF316m 2do. 2001
100 1 _aFéliz, Orelvis
245 1 0 _aMatemáticas 2:
_b[educación media] /
_cOrelvis Féliz, Ramón Laurens Cartagena ; dirección editorial Obdulia García de Escobar ; ilustración Ruddy Núñez.
260 _aSanto Domingo :
_bSantillana,
_c2001.
300 _a279 p. :
_bil., retrs. ;
_c28 cm.
490 1 _aUmbral
500 _aSegundo de bachillerato, 2do. curso/primer ciclo
505 1 _t2do. curso / 1er. ciclo --
_tUnidad 1. - El razonamiento matemático --
_tUnidad 2 . - Estructuras algebraicas --
_tUnidad 3 .- Teoría del residuo --
_tUnidad 4 .- Funciones --
_tUnidad 5 .- Ecuaciones --
_tUnidad 6. - Inecuaciones --
_tUnidad 7. - Triángulos y cuadriláteros --
_tUnidad 8. - Polígonos --
_tUnidad 9 .- Introducción a la trigonometría --
_tUnidad 10 .- Funciones inversas --
_tUnidad 11. - Resolución de triángulos --
_tUnidad 12 . - Ecuaciones trigonométricas --
_tUnidad 13 .- Álgebra vectorial --
_tUnidad 14 .-Transformaciones geométricas --
_tUnidad 15 .- Sucesiones y progresiones --
_tUnidad 16 .- Estadística y probabilidades --
650 4 _aMATEMÁTICAS
_xENSEÑANZA SECUNDARIA
650 4 _aEDUCACIÓN SECUNDARIA
_zREPÚBLICA DOMINICANA
650 4 _aEDUCACIÓN SECUNDARIA
_xLIBROS DE TEXTOS
650 _aEDUCACIÓN SECUNDÁRIA
_xESTUDIOS Y EJERCÍCIOS
700 1 _aLaurens, Ramón
700 1 2 _aGarcía de Escobar, Obdulia,
_eed.
700 1 2 _aNúñez, Ruddy,
_eil.
830 0 _aUmbral
910 _aValidado. Control de calidad MFF
942 _2ddc
_cBK
945 _ainventariado, 2018 / dg
956 _aVMATEO
_b10
_c20150717
_lBPMSU
_h00151
956 _aBPMSU
_b10
_c20160407
_lBPMSU
_h00166
999 _c9625
_d9625